| 000 | 00529nam a22001937a 4500 | ||
|---|---|---|---|
| 003 | OSt | ||
| 005 | 20160210145001.0 | ||
| 008 | 160210b xxu||||| |||| 00| 0 eng d | ||
| 020 | _a1899066217 | ||
| 040 | _cDNLM | ||
| 082 | _aWJ100 S26a 1999 | ||
| 100 |
_aedited by Mundy, Anthony R. [et.....al] _96765 |
||
| 245 | _aThe scientific basis of Urology | ||
| 260 | _aUK; ISIS Medical media, 1999 | ||
| 300 | _aviii,531p; col.ill: 29cm | ||
| 504 | _aReferences, & index included | ||
| 650 |
_aUrology _92988 |
||
| 942 |
_2z _cO_SHELF |
||
| 999 |
_c3023 _d3023 |
||